Las libertades de opinión y de información

Gespeichert in:
Bibliographische Detailangaben
1. Verfasser: Vivanco Martínez, Angela (VerfasserIn)
Format: Buch
Sprache:Spanisch
Veröffentlicht: Santiago Andrés Bello 1992
Schlagworte:
Tags: Tag hinzufügen
Keine Tags, Fügen Sie den ersten Tag hinzu!

MARC

LEADER 00000nam a2200000 a 4500
001 UCV3257
003 CL-VaPUC
008 930510e19920000CL |||||||||||||||||spa|d
082 0 4 |a 342.83  |b VIV  |2 21 
100 0 |a Vivanco Martínez, Angela  |e author  |9 297523 
245 1 4 |a Las libertades de opinión y de información 
300 |a 423 p 
942 |c BK 
945 |d 19930510 00:00:00 
260 |a Santiago  |b Andrés Bello  |c 1992 
650 0 |a Libertad de información  |9 257205 
650 0 |a Derecho y legislación   |9 255077 
650 0 |a Opinión pública  |9 255512 
650 0 |a Libertad de prensa  |9 255610 
651 7 |a CHILE  |2 CL-VaPUC  |9 297524 
583 |a last modification  |c 19930510 00:00:00  |k Rodrigo Vera 
999 |c 210543  |d 210541 
952 |0 0  |1 0  |4 0  |6 342_830000000000000_VIV_1992  |7 0  |8 A  |9 186894  |a BIBDER  |b BIBDER  |d 2019-11-14  |i 2544946  |o 342.83 VIV 1992  |p 2544946  |r 2023-01-25  |w 2019-11-14  |y BK  |k DER